00572 2200205 4500001002100000008004100021035002000062245006800082100001900150250001000169260003200179300002600211020002200237084001700259520003000276082001100306650002700317990001100344990001100355INLIS000000000014745 ind  a0010-1022000063 aBulan Madu di Atas PelangicUmmu Nashifah; penyunting, Mardiati aUMMU, Nashifah acet.1 aDepok :bGema Insani,c2016 axvii, 223 hal.c18 cm a978-602-250-309-5 a297.43 UMM b aBibliografi : hal.221-223 a297.43 aISLAM. KELUARGA ISLAMI a9585 a a9585 b